| 000 | 00980nam a2200289 i 4500 | ||
|---|---|---|---|
| 001 | 11666 | ||
| 003 | ES-MaACL | ||
| 005 | 20251005063028.0 | ||
| 007 | t| | ||
| 008 | 960222s1994 sp |||| | spa j | ||
| 020 | _a84-7658-426-1 | ||
| 080 | _a316.625 | ||
| 080 | _a330.526 | ||
| 100 | 0 |
_aSalcedo Megales, Damián, _d1958- _9101853 |
|
| 245 | 1 | 0 |
_aElección social y desigualdad económica / _cDamián Salcedo Megales. |
| 250 | _a1ª ed. | ||
| 260 |
_aBarcelona : _bAnthropos ; _aMéxico : _bUniversidad Autónoma Metropolitana, _c1994. |
||
| 300 |
_a280 p. ; _c20 cm. |
||
| 490 | 1 |
_aAutores, textos y temas. Ciencias sociales ; _v5 |
|
| 504 | _aBibliografía: p. 263-273. | ||
| 650 | 1 | 4 |
_aElección social. _912138 |
| 650 | 1 | 4 |
_aRedistribución de la renta. _916715 |
| 710 | 2 |
_aUniversidad Autónoma Metropolitana. _9169907 |
|
| 830 | 0 |
_aAutores, textos y temas. Ciencias sociales ; _v5 _9178372 |
|
| 852 |
_aES-MaACL _jL-19071 |
||
| 999 |
_c11666 _d11666 |
||